| 000 | 01083nam a2200301 i 4500 | ||
|---|---|---|---|
| 001 | bg | ||
| 100 | 1 | _aBIAŁO, Dionizy | |
| 245 | 0 |
_aZużycie tribologiczne kompozytów na osnowie stopów aluminium otrzymanych z proszków / _cDionizy Biało. |
|
| 260 |
_aWarszawa : _bOficyna Wydawnicza Politechniki Warszawskiej, _c2002. |
||
| 300 |
_a135, [2] s. : _bil. ; _c24 cm. |
||
| 490 | 1 |
_aPrace Naukowe. Mechanika / Politechnika Warszawska, _x0137-2335 ; _vz. 192 |
|
| 500 | _aTyt. okł. - Streszcz. ang. | ||
| 504 | _aBibliogr. | ||
| 650 | 9 |
_aKompozyty _xbadanie |
|
| 650 | 9 |
_aKompozyty _xmateriały |
|
| 650 | 9 |
_aTarcie _xbadanie |
|
| 650 | 9 |
_aTrybologia _xzagadnienia |
|
| 650 | 9 |
_aAluminium _xzwiązki _xtechnologia |
|
| 650 | 9 |
_aStopy (metalurg.) _xbadanie |
|
| 650 | 9 |
_aMetalurgia proszków _xzagadnienia |
|
| 650 | 9 |
_aInżynieria powierzchni _xzagadnienia |
|
| 830 | 0 |
_aPrace Naukowe. Mechanika (Politechnika Warszawska) ; _vz. 192 |
|
| 040 | _cBPK | ||
| 041 | 0 |
_apl _ben |
|
| 080 | _a531.4:669.71:620.1:621.7 | ||
| 942 | _cKS | ||
| 008 | s pl f |000 0 pol | ||
| 999 |
_c42038 _d42038 |
||
| 856 |
_uhttp://koha.tu.koszalin.pl/cgi-bin/koha/opac-detail.pl?biblionumber=42038 _yKatalog online BPK |
||